| 000 | 00649nam a2200205Ia 4500 | ||
|---|---|---|---|
| 008 | 150610s9999 xx 000 0 und d | ||
| 020 | _a9780439672443 | ||
| 050 |
_aPZ7 _b.D6475 .L35 2001 |
||
| 100 | _aD'Lacey, Chris | ||
| 245 | 4 |
_aThe fire within / _cChris D' Lacey. |
|
| 260 |
_aNew York : _bScholastic, _c2001. |
||
| 300 |
_a340pages ; _c20 cm. |
||
| 440 |
_aThe Last dragon chronicles ; book 1 _vv.1 |
||
| 504 | _aOriginally published: United States : Orchard Books, c2005. | ||
| 520 | _aFiction. | ||
| 650 |
_aAuthorship _bFiction. |
||
| 650 |
_aBoardinghouses _bFiction. |
||
| 650 |
_aDragons _xFiction. |
||
| 650 |
_aSquirrels _xFiction. |
||
| 999 |
_c287931 _d287931 |
||